Kỹ thuật mài kim loại

Na minha lista:
Detalhes bibliográficos
Autor principal: Lưu Văn Nhang
Formato: Livro
Idioma:Undetermined
Publicado em: H. KHKT 2003
Assuntos:
Tags: Adicionar Tag
Sem tags, seja o primeiro a adicionar uma tag!
Thư viện lưu trữ: Trung tâm Học liệu Trường Đại học Cần Thơ
LEADER 00499nam a2200193Ia 4500
001 CTU_54486
008 210402s9999 xx 000 0 und d
020 |b 28000 
082 |a 671.36 
082 |b Nh106 
100 |a Lưu Văn Nhang 
245 0 |a Kỹ thuật mài kim loại 
245 0 |c Lưu Văn Nhang 
260 |a H. 
260 |b KHKT 
260 |c 2003 
650 |a metal-work,grinding and polishing 
904 |i Minh 
980 |a Trung tâm Học liệu Trường Đại học Cần Thơ